00931njm a2200253Ia 450000100060000000300090000600500170001500800410003204000130007304000130008604100130009910000110011210000180012310000380014124500310017925000110021026000120022126000320023330000170026530000290028250000310031150502780034265000570062025714IT-RoPAU20220918181114.0131025s9999 xx 000 0 und d aIT-RoPAU cIT-RoPAU aSPAGNOLO aAA.VV. eAutore musica gCodice autore musica SPICS: 12000 aMisa criolla Misa flamenca a1a ed. aGERMANY bPHILIPSc1968 [1a Ed.:1968] aCOMPACT DISC c42 minuti (Testo: pag.) aMusica religiosa liturgica aKyrie (Vidala-Baguala) - Gloria (Carnavalito-Yaravi) - Credo (Chacarera-Trunca) - Sanctus (Carnaval-Cochabambino) - Agnus Dei (Estilo Pampeano) - Kyria (La Cana) - Gloria (Cantes de Malaga) - Credo (Cantes Gitanos) - Sanctus (Cantes del Campo) - Agnus Dei (Cantes De Cadiz) aRELIGIOSO [COMPACT DISC]eCodice MATERIA SPICS: 9949